000 00838cab a2200289 4500
001 ABS53224
008 090401t1995 xxu||||| |||| 00| 0 eng d
035 _a(Sirsi) u2743
041 _aeng
245 _aFocus `95: East Scotland
260 _c1995
350 _a0
490 _aEstates Gazette
_v(9528) 15 July 1995, 75-97(16)
650 _aABERDEEN
650 _aDUNDEE
650 _aEDINBURGH
650 _aINDUSTRIAL MARKET
650 _aINVERNESS
650 _aLEITH
650 _aLIVINGSTON DEVELOPMENT CORPORATION
650 _aPROPERTY-COMMERCIAL PROPERTY-OFFICE PROPERTY-OFFICE PROPERTY MARKET
650 _aPROPERTY-COMMERCIAL PROPERTY-RETAIL PROPERTY-RETAIL PROPERTY MARKET
650 _aSCOTLAND
690 _aPROPERTY-COMMERCIAL PROPERTY-COMMERCIAL PROPERTY MARKET
942 _n0
948 _c04/03/1997
999 _c1651
_d1651